Memorias para la historia de la guerra de Tejas / (Record no. 63874)

MARC details
000 -LEADER
campo de control de longitud fija 00595nam a2200193 i 4500
001 - NÚMERO DE CONTROL
campo de control 63874
003 - IDENTIFICADOR DE NÚMERO DE CONTROL
campo de control ES-MaACL
005 - FECHA Y HORA DE LA ÚLTIMA TRANSACCIÓN
campo de control 20230906165005.0
007 - CAMPO FIJO DE DESCRIPCIÓN FÍSICA--INFORMACIÓN GENERAL
campo de control de longitud fija t|
008 - DATOS DE LONGITUD FIJA--INFORMACIÓN GENERAL
campo de control de longitud fija 031217s1973 mx ||||1| spa d
100 1# - ENTRADA PRINCIPAL--NOMBRE DE PERSONA
Nombre de persona Filisola, Vicente.
9 (RLIN) 50846
245 10 - MENCIÓN DEL TÍTULO
Título Memorias para la historia de la guerra de Tejas /
Mención de responsabilidad, etc. por Vicente Filisola.
260 ## - PUBLICACIÓN, DISTRIBUCIÓN, ETC.
Lugar de publicación, distribución, etc. México :
Nombre del editor, distribuidor, etc. Editora Nacional,
Fecha de publicación, distribución, etc. 1973.
300 ## - DESCRIPCIÓN FÍSICA
Extensión 2 v. ;
Dimensiones 17 cm.
490 1# - MENCIÓN DE SERIE
Mención de serie Colección económica ;
Designación de volumen o secuencia 614/615
830 0# - PUNTO DE ACCESO ADICIONAL DE SERIE-TÍTULO UNIFORME
Título uniforme Colección económica ;
Designación de volumen o secuencia 614/615
9 (RLIN) 182564
852 ## - LOCALIZACIÓN
Ubicación ES-MaACL
Número de control de estantería L-11971-2
Sublocalización o colección R.114089
Holdings
Estatus retirado Estado de pérdida Estado de daño No para préstamo Biblioteca de origen Biblioteca actual Ubicación en estantería Fecha de adquisición Fuente de adquisición Total de préstamos Signatura topográfica completa Código de barras Visto por última vez Precio de reemplazo Tipo de ítem Koha
        Biblioteca del Ateneo de Madrid Biblioteca del Ateneo de Madrid Depósito 2 17/01/2008     L-11971-2 1066940 23/02/2023 23/02/2023 Libro impreso